Oslo manual guidelines for collecting and interpreting innovation data
Salvato in:
| Natura: | Libro |
|---|---|
| Lingua: | inglese |
| Pubblicazione: |
Paris
OECD
2005
|
| Edizione: | 3rd edition |
| Serie: | The measurement of scientific and technological activities
|
| Soggetti: | |
| Tags: |
Nessun Tag, puoi essere il primo ad aggiungerne!!
|
MARC
| LEADER | 00000nam a2200000 4500 | ||
|---|---|---|---|
| 001 | 0041465 | ||
| 005 | 20240315121108.5 | ||
| 020 | |a 92-64-01308-3 | ||
| 041 | 0 | |a eng | |
| 044 | |a FR | ||
| 245 | 1 | 0 | |a Oslo manual |b guidelines for collecting and interpreting innovation data |
| 250 | |a 3rd edition | ||
| 264 | 1 | |a Paris |b OECD |c 2005 | |
| 300 | |a 162 s. | ||
| 490 | 1 | |a The measurement of scientific and technological activities | |
| 830 | 0 | |a The measurement of scientific and technological activities | |
| 610 | 2 | 0 | |a informácie |
| 610 | 2 | 0 | |a inovácia |
| 610 | 2 | 0 | |a technológie nové |
| 610 | 2 | 0 | |a technológie informačné |